Football Teams Hugo Sánchez Played For - Statistics

General Stats
  • This quiz has been taken 29 times
  • The average score is 4 of 10
Answer Stats
League Years Team % Correct
Mexico 1992-1993 CF América
95%
Spain 1985-1992 Real Madrid
86%
Spain 1981-1985 Atlético de Madrid
45%
Mexico 1980-1981 Pumas UNAM
41%
Spain 1993-1994 Rayo Vallecano
27%
USA 1979-1980 San Diego Sockers
27%
Mexico 1997 Celaya FC
18%
Mexico 1994-1995 CF Atlante
18%
Austria 1995-1996 FC Linz
18%
USA 1996-1997 FC Dallas
14%
No matching quizzes found
Score Distribution
Percent of People with Each Score
Percentile by Number Answered
Your Score History
You have not taken this quiz